Biological science: the developing organism, a laboratory guide

Saved in:
Bibliografiske detaljer
Hovedforfatter: Sands, Margaret K
Institution som forfatter: Nuffield Foundation
Format: Bog
Sprog:engelsk
Udgivet: London, England, United Kingdom Longman 1975
Serier:Advanced Biological Science
Fag:
Tags: Tilføj Tag
Ingen Tags, Vær først til at tagge denne postø!

MARC

LEADER 00000nam a2200000 a 4500
001 UCT4943
003 CL-VaPUC
005 20230112074254.0
008 961127e19750000UK |||||||||||||||||eng|d
999 |c 254023  |d 254021 
040 |c Pontificia Universidad Católica de Valparaíso 
082 0 4 |a 570 SAN 1975  |2 21 
100 0 |a Sands, Margaret K  |9 374206 
110 2 |a Nuffield Foundation  |9 374207 
245 1 0 |a Biological science: the developing organism, a laboratory guide 
260 0 3 |a London, England, United Kingdom  |b Longman  |c 1975 
300 |a 105 páginas 
490 0 |a Advanced Biological Science 
583 |a last modification  |c 19961127 00:00:00  |k Rodrigo Vera 
650 0 |a Biología  |9 262022 
650 7 |a LABORATORIOS  |2 CL-VaPUC  |9 264068 
650 0 |a Genética  |9 259443 
650 0 |a Desarrollo físico  |9 334273 
650 7 |a CRECIMIENTO  |2 CL-VaPUC  |9 374208 
942 |c BK  |2 ddc 
945 |d 19961127 00:00:00  |a paguirre